Basic electronics (Record no. 194166)

000 -LEADER
fixed length control field 01107 a2200169 4500
003 - CONTROL NUMBER IDENTIFIER
control field Nust
005 - DATE AND TIME OF LATEST TRANSACTION
control field 20170207154118.0
040 ## - CATALOGING SOURCE
Transcribing agency Nust
082 ## - DEWEY DECIMAL CLASSIFICATION NUMBER
Classification number 621.381
100 ## - MAIN ENTRY--PERSONAL NAME
Personal name Paul B. Zbar
245 ## - TITLE STATEMENT
Title Basic electronics
Remainder of title laboratory manual for radio and television technician
260 ## - PUBLICATION, DISTRIBUTION, ETC.
Place of publication, distribution, etc. New York
Name of publisher, distributor, etc. Mc Graw-Hill
Date of publication, distribution, etc. 1958
300 ## - PHYSICAL DESCRIPTION
Extent vii: 148 pages
505 ## - FORMATTED CONTENTS NOTE
Formatted contents note Vacuum Tubes (page-1) The Diode Rectifier (Page05) The Triode AS D-C Amplifier (Page-14) Tube Testing (Page-20) The Power Transformer (Page-23) Transformer Power Supply (Page-26) The Power Supply Filter (Page-31) The Voltage Doublers (Page-37) The Loudspeaker (page-57) The Push – Pull Power Amplifier (Page-65) Frequency Response of an Audio Amplifier (page-68) Resistance and Voltage Analysis an Audio Amplifier (Page-71) The Hartley Oscillator (page-80) Current Gain in Transistors (Page-102) Common-Emitter Amplifier (Page-116) Common-Base Amplifier (page_124) Cascaded Amplifier (Page-129) Transistor Phase Inverter (apge-140)Transistor Oscillators (page-144)
538 ## - SYSTEM DETAILS NOTE
System details note Almirah No.33 Shelf No.3
650 ## - SUBJECT ADDED ENTRY--TOPICAL TERM
Topical term or geographic name entry element Telecommunication Engineering
942 ## - ADDED ENTRY ELEMENTS (KOHA)
Source of classification or shelving scheme
Koha item type Book
Holdings
Withdrawn status Lost status Source of classification or shelving scheme Damaged status Not for loan Collection code Permanent Location Current Location Date acquired Total Checkouts Full call number Barcode Date last seen Price effective from Koha item type
            Military College of Signals (MCS) Military College of Signals (MCS) 12/12/2016   621.381 ZBA MCS5511 12/08/2016 12/12/2016 Book
© 2023 Central Library, National University of Sciences and Technology. All Rights Reserved.